MDQL
is popping MORE tags! Check the
thread
!
Quizzes
Events
Quiz Creation
Community
Videos
Private Events
Remove Ads
Sign In
Join for FREE
Feedback
Dark Mode
Quiz Categories
Sports
Geography
Music
Movies
Television
Just For Fun
Miscellaneous
History
Literature
Language
Science
Gaming
Entertainment
Religion
Holiday
For Kids
Quiz Lab
Recent
Popular Today
Quiz Kudos Today
Editor Picks
Curator Picks
Quizzes by...
Day
Popularity
Type
Ratings
Length
Year
Community
Subscriptions
Recent Discussions
Orange Saloon
Badges
Playlists
Quests
Create
Leaderboards
Showdown
Live 5
Trivia Bingo
Activity
Puzzle Library
Sporcle Events
Private Events
Virtual Trivia
Globe League
Become a Host
Pub Owners
SporcleCon
Opinionation
Our Games
Videos
Blog
Mobile Apps
Partnerships
Remove Ads and Go Orange
Feedback
Miscellaneous
Crossword
General Knowledge
Baby Names
Logo
Food
Cars
Numbers
Grab Bag
University
College
Popular
Company
Slogans
Restaurants
Justice
Letter
Miscellaneous
Crossword
General Knowledge
Baby Names
Logo
Food
Cars
Numbers
Grab Bag
University
College
Popular
Company
Slogans
Restaurants
Justice
Letter
Random Quiz
Search Sporcle
×
Quiz Lab
Quiz Lab
Miscellaneous
Baby
Type in answers that appear in a list
Type in answers that appear in a list
Classic
Best Score? Go Orange.
Top Baby Girls Names 2010 - U.K Stats
Can you name the Top Baby Girls Names 2010 ?
By
jenjencooper
15m
200 Questions
431 Plays
431 Plays
431 Plays
Comments
Comments
Give Quiz Kudos
Give Quiz Kudos
-
- Ratings
hide this ad
Replay
Link that replays current quiz
Next Quiz
Link to next quiz in quiz playlist
You Got
0%
They Got
Avg Score
50%
Avg Friend Score
Upgrade to see
Score Distribution
Jump to the score distribution portion of the page
Score
0/200
Timer
15:00
0
Plays Today
Rank
Names
% Correct
45
Emma
88.4%
80
Sarah
88.2%
3
Emily
87.9%
1
Olivia
85.6%
74
Anna
85.6%
14
Hannah
84.7%
6
Jessica
83.3%
57
Elizabeth
82.4%
194
Eliza
81.9%
75
Rebecca
80%
63
Isabel
79.6%
101
Katie
79.6%
64
Lauren
79.4%
17
Sophie
79.1%
4
Grace
78.9%
5
Lily
78.4%
13
Charlotte
78.4%
53
Amy
78.4%
145
Mary
78.4%
137
Katherine
77.5%
11
Ella
77.3%
9
Isabella
76.8%
29
Sophia
76.3%
109
Jennifer
76.1%
15
Ava
75.6%
8
Chloe
75.2%
174
Lucy
74.7%
10
Megan
74%
88
Eve
73.8%
58
Eva
73.1%
93
Maria
72.9%
37
Molly
72.6%
22
Ellie
71.9%
60
Alice
71.2%
7
Amelia
70.5%
2
Ruby
70.3%
23
Alexa
70.3%
89
Julia
69.1%
38
Nicole
68.4%
149
Abigail
68.4%
26
Madison
67.5%
92
Alexandra
66.6%
27
Ashley
64.7%
16
Holly
64.5%
65
Georgia
64%
76
Rosie
63.3%
68
Bethany
63.1%
28
Danielle
62.9%
56
Leah
62.9%
43
Daisy
62.4%
61
Lilly
62.4%
170
Annie
62.4%
190
Marie
61.9%
91
Evelyn
61.5%
134
Bella
61.3%
59
Caitlin
61%
52
Erin
60.6%
144
Claire
59.9%
62
Amber
59.6%
97
Alicia
58.7%
151
Taylor
58.7%
54
Jasmine
57.3%
67
Eleanor
57.1%
34
Faith
56.8%
111
Angel
56.6%
169
Gabriella
56.4%
155
Gabrielle
55.2%
Rank
Names
% Correct
12
Evie
55%
21
Millie
55%
176
Melissa
55%
160
Margaret
54.8%
33
Brooke
53.6%
125
Madeline
53.6%
179
Louisa
53.6%
70
Isobel
53.4%
98
Courtney
53.4%
66
Gracie
53.1%
106
Natasha
52.7%
39
Poppy
52.2%
85
Annabelle
52.2%
87
Harriet
52%
192
Kimberly
52%
78
Maya
51.5%
19
Mia
51%
48
Lola
51%
143
Morgan
51%
47
Hope
50.8%
198
Nicola
50.1%
173
Vanessa
49.7%
42
Phoebe
49.4%
90
Lydia
49.2%
187
Alyssa
49%
30
Zoey
48.7%
96
Florence
48.5%
108
Georgina
48.5%
94
Francesca
48.3%
49
Imogen
48%
55
Isla
47.8%
69
Maisie
47.6%
18
Freya
47.1%
31
Abbie
47.1%
46
Freya
47.1%
71
Paige
47.1%
118
Naomi
47.1%
122
Natalia
47.1%
153
Heather
47.1%
161
Carly
47.1%
196
Andrea
47.1%
32
Amelie
45.7%
79
Zara
45.5%
177
Violet
45.5%
20
Keira
45.2%
180
Angelina
44.8%
77
Tia
44.5%
86
Martha
44.5%
24
Scarlett
44.1%
193
Riley
44.1%
35
Matilda
43.6%
81
Lexi
43.6%
148
Autumn
43.6%
189
Helena
43.6%
171
Rachael
42.7%
142
Esther
42.5%
126
Lara
42.2%
146
Jamie
42.2%
191
Shannon
42%
114
Iris
41.5%
130
Nancey
41.5%
72
Sienna
41.3%
84
Alexia
41.3%
44
Lacey
41.1%
95
Tilly
40.8%
128
Casey
40.6%
103
Libby
40.4%
Rank
Names
% Correct
127
Elise
40.4%
140
Kayleigh
40.4%
121
Heidi
40.1%
73
Lila
39.9%
100
Esme
39.4%
135
Lottie
39.4%
141
Sadie
39.4%
186
Juliet
39.4%
119
Beatrice
38.7%
25
Niamh
38.5%
113
Willow
38.5%
116
Kara
37.8%
83
Skye
37.4%
131
Yasmin
37.1%
36
Miley
36.7%
124
Seren
36.7%
129
Peyton
36.4%
82
Alisha
36.2%
167
Kelsey
36%
132
Orla
35.5%
185
Lucia
35%
112
Lois
34.3%
181
Tyler
34.1%
102
Maci
33.9%
197
Justine
33.6%
40
Allie
33.4%
138
Jemima
32.9%
123
Connie
32.7%
168
Honey
32.7%
172
Michaela
32.5%
99
Maryam
32%
133
Darcey
32%
105
Demi
31.6%
178
Tegan
31.6%
117
Nadia
31.3%
159
Fatima
31.3%
107
Faye
30.2%
139
Robyn
30.2%
200
Collette
30.2%
175
Sammi
29.9%
51
Kirsty
29.7%
199
Dianna
29.7%
157
Adrienne
29%
164
Kitty
28.8%
147
Tallulah
28.5%
154
Halle
28.5%
110
Cerys
28.3%
152
Reese
28.1%
50
Kaya
27.6%
120
Marilyn
27.6%
195
Nelly
27.6%
104
Elouise
27.4%
41
Anita
27.1%
115
Zuzanna
27.1%
136
Alysa
26%
166
Aleena
25.8%
188
Delta
25.1%
158
Zainia
24.4%
165
Sascha
24.1%
182
Vivenne
24.1%
162
Jaycee
23.9%
184
Jaki
23.7%
183
Bluebell
23.2%
163
Alaisa
22.7%
150
Andy
22.5%
156
Candance
21.6%
Quiz Playlist
Details
Report
Send in Message
Add To Playlist
Classic:
Type in answers that appear in a list
Last Updated: Feb 16, 2017
Quiz Scoreboard
CHALLENGE
Sign Up to Join the Scoreboard
Show All
Scores
Hide
Comments
May contain spoilers
Recently Published
1-10 Letter E Words III
by El_Dandy
Language
2m
Street Fighter Characters
by Artimus82
Gaming
60s
College Basketball Coaching Resumes
by pancakes188
Sports
9m
More to Explore
Quiz From the Vault
Featured Blog Post
Where Did the Easter Bunny Come From?
hide this ad
You Might Also Like...
Tags
2010
Baby
girl
Girls Names
Top Baby
Today's Top Quizzes in Miscellaneous
Browse Miscellaneous
hide this ad
Today's Top Quizzes in Baby
Browse Baby
Top Contributed Quizzes in Miscellaneous
1
5-to-1: Fast Food
2
The JOE quick-fire general knowledge quiz: Day 174
3
The JOE quick-fire general knowledge quiz: Day 173
4
5-to-1: Cocktails
5
The JOE quick-fire general knowledge quiz: Day 172
6
9x9 Crossword: Disney Movie Titles
7
9x9 Crossword: Charlie and the Chocolate Factory
8
Sunday Crossword: Famous Bodies of Water
9
The JOE quick-fire general knowledge quiz: Day 171
10
9x9 Crossword: Flags
Explore More
Trending Topics
Anime
Disney
Crossword
Kpop
Harry Potter
NBA
Marvel
Country
Pokémon
NFL
WWE
Puzzle
Soccer
Song
The Office
hide this ad
More By:
jenjencooper
Quiz
Plays
Rating
Category
Featured
Created
Top 300 baby names u.k 2012
1,286
3.25
Just For Fun
Mar 12, 2014
Top UK baby names 2000
841
3.50
Just For Fun
Jan 26, 2011
Top 300 Baby Girls Names 2012 USA
702
4.00
Miscellaneous
Feb 20, 2013
Gymnasts to watch in 2012
672
2.75
Sports
Nov 12, 2011
Gymnastic Teams to London 2012
659
1.50
Sports
Mar 10, 2012
Go to Creator's Profile
Score Distribution
Quiz Creator Spotlight
jenjencooper
Follow
Send a Message
Quizzes Created
-
Created Quiz Play Count
-
More By This Creator
Popular Quizzes Today
1
Find the US States - No Outlines Minefield
2
Find the Countries of Europe - No Outlines Minefield
3
The Countries of the World
4
Find the US States
5
Risky Map Clicking: Biggest States A-Z
6
US States
7
Popular People in 1961
8
Movies - When Are They Set?
More Miscellaneous Quizzes
Disney Hair
Editor's Pick
Trending Quizzes
Risky Map Clicking: Least Populous States A-Z
Billboard Blitz: Aretha Franklin
Famous Russians: Author or Composer?
Countries of the World: 200 Million BC
1-10 Letter G Words
Recently Updated
Leaping Animals
pecheneg
Reality TV Shows (A-Z)
bhenderson79
Rickey Henderson's Hall of Fame Teammates
pecheneg
Champions League XIs: Arsenal
pecheneg
Quick Pick: Celebrities in WWE's Hall of Fame
aduchscher
A-Z Keypad Blitz II
pecheneg
Multiple Oscar Actors
pecheneg
Mystery Phrase Blitz: Oscar 'Best Actors'
pecheneg
F. Scott Fitzgerald Novels
LTH
Pick 3 Villains
ddd62291
Trending Topics
Marvel
Anime
Disney
Crossword
NBA
Harry Potter
Kpop
Pokémon
Puzzle
Soccer
WWE
Country
Song
The Office
NFL
Your Account Isn't Verified!
In order to create a playlist on Sporcle, you need to verify the email address you used during registration. Go to your
Sporcle Settings
to finish the process.
Report this User
Report this user for behavior that violates our
Community Guidelines
.
Details:
Send Report
Go to the Sporcle.com Mobile Site →
Comments